[Event "AUTO-ADV-1688"]
[Site "http://www.queenalice.com/game.php?id=746074"]
[Date "2010.3.14"]
[Round "1"]
[White "sasquatico"]
[Black "potter7"]
[Result "1-0"]
[WhiteElo "1682"]
[BlackElo "1773"]

1. e4 c5 2. Nf3 Nc6 3. Bb5 d6 4. O-O e5 5. d3 h6 6. Nbd2 Bd7 7. Nc4 Nf6 8. Nh4
a6 9. Bxc6 Bxc6 10. Nf5 Bd7 11. Nfxd6+ Bxd6 12. Nxd6+ Ke7 13. Nxb7 Qc7 14. Nxc5
Qxc5 15. Be3 Qb5 16. c4 1-0

[Event "AUTO-ADV-1688"]
[Site "http://www.queenalice.com/game.php?id=746075"]
[Date "2010.3.14"]
[Round "1"]
[White "potter7"]
[Black "sasquatico"]
[Result "0-1"]
[WhiteElo "1756"]
[BlackElo "1718"]

1. e4 d5 2. exd5 Qxd5 3. Nc3 Qd8 4. d4 e6 5. Nf3 Bb4 6. a3 Bxc3+ 7. bxc3 Nf6 8.
Bg5 O-O 9. Bd3 Nbd7 10. O-O c6 11. Ne5 Qa5 12. Nxd7 Nxd7 13. Qd2 h6 14. Bh4 Qh5
15. Be7 Re8 16. Be2 Qg6 17. Bd3 Qh5 18. Bb4 a5 19. Bd6 b5 20. Be2 Qg6 21. f4 Nf6
22. Be5 Ne4 23. Qd3 f5 24. Bf3 Ba6 25. Rfe1 b4 26. c4 Red8 27. Bxe4 fxe4 28.
Qxe4 Qf7 29. Qxc6 Bb7 30. Qa4 Qg6 31. Re2 Qg4 32. Rf2 Rac8 33. g3 Bc6 34. Qxa5
bxa3 35. Qxa3 Ra8 36. Qb2 Rxa1+ 37. Qxa1 Ra8 38. Qb1 Re8 39. c3 Qh5 40. c5 Ra8
41. Ra2 Rxa2 42. Qxa2 Qd1+ 43. Kf2 Qf3+ 44. Ke1 Qxc3+ 45. Qd2 Qa1+ 46. Kf2 Qh1
47. Ke3 Qf3# 0-1

[Event "AUTO-ADV-1688"]
[Site "http://www.queenalice.com/game.php?id=746088"]
[Date "2010.3.14"]
[Round "1"]
[White "potter7"]
[Black "kingpatrick"]
[Result "1-0"]
[WhiteElo "1791"]
[BlackElo "1914"]

1. e4 e6 2. d4 d5 3. Bd3 c5 4. f4 cxd4 5. Bb5+ Nd7 6. exd5 Qa5+ 7. c3 Qxb5 8.
dxe6 fxe6 9. Ne2 dxc3 10. Nbxc3 Qb6 11. Nd4 Ngf6 12. h3 Bb4 13. O-O O-O 14. Be3
1-0

[Event "AUTO-ADV-1688"]
[Site "http://www.queenalice.com/game.php?id=746089"]
[Date "2010.3.14"]
[Round "1"]
[White "kingpatrick"]
[Black "potter7"]
[Result "0-1"]
[WhiteElo "1809"]
[BlackElo "1779"]

1. d4 d5 2. e4 c6 3. exd5 cxd5 4. Nf3 Nc6 5. Nc3 Nf6 6. Bb5 e6 7. O-O Be7 8. Be3
O-O 9. Bd3 h6 10. Qd2 Ng4 11. Bf4 Bd6 12. Bg3 f5 13. Bxd6 Qxd6 14. Nb5 Qe7 15.
h3 Nf6 0-1

[Event "AUTO-ADV-1688"]
[Site "http://www.queenalice.com/game.php?id=746090"]
[Date "2010.3.14"]
[Round "1"]
[White "potter7"]
[Black "fbenevides"]
[Result "0-1"]
[WhiteElo "1745"]
[BlackElo "1767"]

1. e4 e5 2. Nf3 Bd6 3. Nc3 a6 4. d3 h6 5. Be2 Nf6 6. O-O O-O 7. d4 exd4 8. Nxd4
Re8 9. Bd3 Bc5 10. Be3 Bxd4 11. Bxd4 d6 12. f4 Bg4 13. Qe1 Nc6 14. Bxf6 Qxf6 15.
f5 Qd4+ 16. Kh1 f6 17. Rb1 b5 18. a3 Ne5 19. Nd5 Ra7 20. h3 Bh5 21. Qg3 Rf8 22.
c3 Qxd3 23. Qf2 c5 24. Nf4 Qxe4 25. Ne6 Re8 26. Nf4 Bf7 27. Ne2 Nc4 28. Ng3 Qd5
29. Rbd1 Qc6 30. Kh2 Ne3 31. Qf3 Qxf3 32. gxf3 Nxf1+ 33. Rxf1 Bc4 34. Rf2 Re3
35. Ne4 Rd3 36. Rg2 Kf7 37. Rd2 Rxd2+ 38. Nxd2 Bd3 39. f4 Bxf5 40. Nf3 g5 0-1

[Event "AUTO-ADV-1688"]
[Site "http://www.queenalice.com/game.php?id=746091"]
[Date "2010.3.14"]
[Round "1"]
[White "fbenevides"]
[Black "potter7"]
[Result "1-0"]
[WhiteElo "1773"]
[BlackElo "1715"]

1. e4 e5 2. Nf3 Nc6 3. a3 d6 4. h3 Nf6 5. Bd3 Be7 6. O-O O-O 7. Nc3 Qd7 8. Bb5
a6 9. Bxc6 bxc6 10. d3 Bb7 11. Ng5 h6 12. Nf3 Nh7 13. b4 f6 14. Na4 Rad8 15. c3
d5 16. exd5 cxd5 17. Nb2 c5 18. Na4 Qc7 19. Nxc5 Rd6 20. Nxb7 Qxb7 21. a4 Re6
22. a5 Ng5 23. Bxg5 fxg5 24. Re1 e4 25. Nd4 Ref6 26. dxe4 dxe4 27. Rf1 Rd8 28.
Qg4 Qd5 29. Rad1 Rfd6 30. Nf5 Qe5 31. Nxd6 Rxd6 32. Rc1 Rd2 33. Qc8+ Rd8 34.
Qxa6 Qf6 35. Qxf6 Bxf6 36. c4 Bb2 37. Rb1 Bc3 38. Rfc1 Bd2 39. Rc2 e3 40. fxe3
Bxe3+ 41. Kh2 Bf4+ 42. g3 Be3 43. c5 Rd2+ 44. Rxd2 Bxd2 45. a6 1-0

[Event "AUTO-OPEN-1911"]
[Site "http://www.queenalice.com/game.php?id=746196"]
[Date "2010.3.14"]
[Round "1"]
[White "potter7"]
[Black "Liesel"]
[Result "0-1"]
[WhiteElo "1791"]
[BlackElo "1889"]

1. e4 e5 2. f4 exf4 3. Nf3 d6 4. Bc4 Be7 5. Nc3 c6 6. d4 Nf6 7. h3 O-O 8. Bxf4
Nxe4 9. Nxe4 d5 10. Bd3 dxe4 11. Bxe4 Nd7 12. O-O Nf6 13. Qd3 Nxe4 14. Qxe4 h6
15. c3 Re8 0-1

[Event "AUTO-OPEN-1911"]
[Site "http://www.queenalice.com/game.php?id=746197"]
[Date "2010.3.14"]
[Round "1"]
[White "Liesel"]
[Black "potter7"]
[Result "1-0"]
[WhiteElo "1876"]
[BlackElo "1804"]

1. e4 c5 2. c3 Nc6 3. d4 cxd4 4. cxd4 e6 5. Nf3 d6 6. Bb5 Bd7 7. d5 Qa5+ 8. Nc3
Ne5 9. Bxd7+ Nxd7 10. Bd2 e5 11. O-O Ngf6 12. Qb3 Qb6 13. Qxb6 Nxb6 14. b3 Be7
15. Nb5 1-0

[Event "AUTO-OPEN-1911"]
[Site "http://www.queenalice.com/game.php?id=746198"]
[Date "2010.3.14"]
[Round "1"]
[White "potter7"]
[Black "Enrico"]
[Result "1-0"]
[WhiteElo "1791"]
[BlackElo "1615"]

1. e4 e5 2. Nf3 Nc6 3. Bb5 d6 4. Bxc6+ bxc6 5. Nc3 Ba6 6. d3 c5 7. O-O Be7 8.
Nd5 Nf6 9. c4 Nxd5 10. cxd5 h6 11. h3 Qd7 12. Re1 Qb5 13. Qb3 Qxd3 14. Qxd3 Bxd3
15. Bd2 1-0

[Event "AUTO-OPEN-1911"]
[Site "http://www.queenalice.com/game.php?id=746199"]
[Date "2010.3.14"]
[Round "1"]
[White "Enrico"]
[Black "potter7"]
[Result "0-1"]
[WhiteElo "1606"]
[BlackElo "1800"]

1. e4 c5 2. c4 Nc6 3. d3 e5 4. Be3 Nf6 5. Be2 Be7 6. a3 O-O 7. h3 h6 8. Nc3 a6
9. Nf3 b6 10. O-O Bb7 11. b3 d6 12. Qd2 Qd7 13. Qc2 Nd4 14. Qd1 Rab8 15. Rb1 Bc6
0-1

[Event "AUTO-OPEN-1911"]
[Site "http://www.queenalice.com/game.php?id=746200"]
[Date "2010.3.14"]
[Round "1"]
[White "potter7"]
[Black "churrasca"]
[Result "0-1"]
[WhiteElo "1761"]
[BlackElo "2172"]

1. e4 c5 2. f4 d5 3. exd5 Nf6 4. Nc3 Nxd5 5. d4 Bf5 6. Bd3 Bxd3 7. cxd3 cxd4 8.
Nce2 Nc6 9. Nxd4 Nxd4 10. Qa4+ Nc6 11. Nf3 Qb6 12. Nd4 Qxd4 13. Qxd4 Nxd4 14.
O-O e6 15. Rf2 Rd8 16. Be3 Nxe3 17. a3 Ng4 18. Rd2 Nb3 19. Rad1 Nxd2 20. Rxd2
Bc5+ 0-1

[Event "AUTO-OPEN-1911"]
[Site "http://www.queenalice.com/game.php?id=746201"]
[Date "2010.3.14"]
[Round "1"]
[White "churrasca"]
[Black "potter7"]
[Result "1-0"]
[WhiteElo "2152"]
[BlackElo "1771"]

1. e4 c5 2. Nf3 d6 3. d4 cxd4 4. Nxd4 Nf6 5. Nc3 Nc6 6. Bc4 Be6 7. Nxe6 Ne5 8.
Nxd8 Nxc4 9. Nxb7 e5 10. Nb5 Rb8 11. N7xd6+ Nxd6 12. Nxd6+ Bxd6 13. Qxd6 Rd8 14.
Qxe5+ Kf8 15. Bg5 h6 16. Bxf6 gxf6 17. Qxf6 Re8 18. Qxh8+ Ke7 19. Qxe8+ Kxe8 20.
Ke2 1-0

[Event "AUTO-INT-1465"]
[Site "http://www.queenalice.com/game.php?id=752885"]
[Date "2010.3.28"]
[Round "2"]
[White "dorszu"]
[Black "potter7"]
[Result "1-0"]
[WhiteElo "1711"]
[BlackElo "1701"]

1. e4 c5 2. b4 e5 3. Nf3 d6 4. bxc5 dxc5 5. Nxe5 Nf6 6. Nc3 Nc6 7. Nxc6 bxc6 8.
Bc4 Bg4 9. f3 Be6 10. Bxe6 fxe6 11. Bb2 Be7 12. O-O O-O 13. Rb1 Qc7 14. Ne2 Nh5
15. g4 Nf4 16. Nxf4 Qxf4 17. c4 e5 18. Qa4 Qxd2 19. Qxc6 Qd6 20. Qd5+ Qxd5 21.
cxd5 Bd6 22. Bc3 c4 23. Rb7 Rfb8 24. Rd7 g5 25. Rxd6 Rf8 26. Rc6 Rac8 27. Ra6
Rf7 28. Kg2 Re8 29. Kg3 Rb7 30. Rc1 Rf7 31. Bb2 Rc7 32. h4 h6 33. Rxh6 gxh4+ 34.
Kxh4 Rb7 35. Bc3 Rf7 36. Kg3 Rh7 37. Rxh7 Kxh7 38. Rb1 1-0

[Event "AUTO-INT-1465"]
[Site "http://www.queenalice.com/game.php?id=752886"]
[Date "2010.3.28"]
[Round "2"]
[White "potter7"]
[Black "dorszu"]
[Result "1-0"]
[WhiteElo "1732"]
[BlackElo "1744"]

1. e4 e6 2. f4 c5 3. Nc3 a6 4. a3 e5 5. d3 Nc6 6. Nf3 exf4 7. Bxf4 d6 8. Be2 Nf6
9. O-O Be7 10. Qd2 O-O 11. Rad1 Bd7 12. b3 Re8 13. b4 b5 14. d4 c4 15. d5 Na7
16. Nd4 h6 17. Bxh6 gxh6 18. Qxh6 Bg4 19. Qg5+ Kh8 20. Bxg4 Nxe4 21. Qh6+ Kg8
22. Bf5 Ng5 23. Ne4 1-0

[Event "AUTO-OPEN-1644"]
[Site "http://www.queenalice.com/game.php?id=782730"]
[Date "2010.5.29"]
[Round "2"]
[White "abh"]
[Black "potter7"]
[Result "1-0"]
[WhiteElo "2075"]
[BlackElo "1727"]

1. e4 e5 2. Nc3 Nc6 3. f4 exf4 4. Nf3 Nf6 5. Bc4 Be7 6. d3 d6 7. h3 O-O 8. Bxf4
Be6 9. Bxe6 fxe6 10. Ng5 Qd7 11. Qd2 d5 12. O-O-O Nh5 13. Bh2 d4 14. Nb5 e5 15.
Nxc7 Bxg5 16. Qxg5 Qxc7 17. Qxh5 g6 18. Qe2 Nb4 19. a3 Nc6 20. h4 b5 21. Qd2 a5
22. g4 b4 23. a4 Qf7 24. b3 Qe6 25. Rhg1 Rf7 26. h5 Raf8 27. Qg2 g5 28. Rdf1 h6
29. Rf5 Ne7 30. Rxe5 Qc6 31. Bg3 Qc3 32. Kb1 Qc8 33. Qe2 Nc6 34. Rf5 Qe6 35.
Rxf7 Rxf7 36. Kb2 Ne5 37. Bxe5 Qxe5 38. Rf1 Rxf1 39. Qxf1 Qf4 40. Qxf4 gxf4 41.
Kc1 Kf7 42. Kd2 Kf6 43. Ke2 Kg5 44. Kf3 1-0

[Event "AUTO-OPEN-1644"]
[Site "http://www.queenalice.com/game.php?id=782731"]
[Date "2010.5.29"]
[Round "2"]
[White "potter7"]
[Black "abh"]
[Result "0-1"]
[WhiteElo "1729"]
[BlackElo "2073"]

1. e4 d5 2. exd5 Nf6 3. Nc3 e6 4. dxe6 Bxe6 5. Nf3 Bb4 6. d4 Nbd7 7. Bd2 Qe7 8.
Bd3 Bxa2+ 9. Qe2 Qxe2+ 10. Nxe2 Bxd2+ 11. Nxd2 Bd5 12. O-O O-O 13. c4 Be6 14. b3
c6 15. Nf4 Rfe8 16. Rfe1 a6 17. c5 Rad8 18. Bc4 Bxc4 19. bxc4 Nxc5 20. dxc5 Rxd2
21. Rxe8+ Nxe8 22. h3 Rd4 23. Re1 Kf8 24. Rb1 Rxf4 25. Rxb7 Rxc4 26. Rb6 Rxc5
27. Rxa6 Ke7 28. g4 Rc3 29. Kg2 h6 30. f4 g5 31. f5 Ng7 32. Ra8 h5 33. Rh8 hxg4
34. hxg4 f6 35. Ra8 Ne8 36. Ra1 Kd6 37. Re1 Kd7 38. Kf2 c5 39. Ke2 Rg3 40. Rd1+
Nd6 41. Kf2 Rxg4 0-1

[Event "AUTO-OPEN-1855"]
[Site "http://www.queenalice.com/game.php?id=840293"]
[Date "2010.10.1"]
[Round "2"]
[White "Kings_Pawn"]
[Black "potter7"]
[Result "1-0"]
[WhiteElo "2443"]
[BlackElo "1723"]

1. d4 d5 2. c4 c6 3. Nc3 e6 4. Nf3 dxc4 5. a4 a5 6. e4 Bb4 7. Bxc4 Nd7 8. O-O h6
9. Bd2 b6 10. d5 cxd5 11. exd5 Bb7 12. Nb5 Bc5 13. dxe6 fxe6 14. Bf4 Rc8 15. Re1
Nf8 16. Qb3 Qf6 17. Bxe6 Nxe6 18. Rxe6+ Ne7 19. Rxf6 gxf6 20. Re1 Kf8 21. Bd6
Bxd6 22. Nxd6 Rb8 23. Qf7# 1-0

[Event "AUTO-OPEN-1855"]
[Site "http://www.queenalice.com/game.php?id=840294"]
[Date "2010.10.1"]
[Round "2"]
[White "potter7"]
[Black "Kings_Pawn"]
[Result "1-0"]
[WhiteElo "1712"]
[BlackElo "2331"]

1. e4 e5 2. Nf3 Nc6 3. Bb5 Nf6 4. d3 d6 5. Nc3 Be7 6. Bg5 O-O 7. h3 h6 8. Bh4
Nd4 9. Bc4 Nxe4 10. Bxe7 Nxc3 11. Bxd8 Nxd1 12. Rxd1 Nxf3+ 13. gxf3 Rxd8 14. a4
d5 15. Ba2 Rd6 16. h4 Bd7 17. a5 g6 18. Rg1 Kg7 19. d4 Re8 20. dxe5 Rxe5+ 21.
Kd2 d4 22. Rde1 Rxa5 23. Bc4 Rf5 24. Rg3 Bc6 25. Re7 Rd7 26. Rxd7 Bxd7 27. Bd3
Rh5 28. Be4 c6 29. Kd3 f5 30. Bxc6 Bxc6 31. Kxd4 Rxh4+ 32. Kc5 f4 33. Rg4 Rxg4
34. fxg4 Kf6 35. b4 Kg5 36. c4 Kxg4 37. Kd6 1-0

[Event "AUTO-OPEN-1855"]
[Site "http://www.queenalice.com/game.php?id=840299"]
[Date "2010.10.1"]
[Round "2"]
[White "potter7"]
[Black "faresjo"]
[Result "0-1"]
[WhiteElo "1721"]
[BlackElo "1999"]

1. e4 c5 2. f4 Nc6 3. Nc3 d6 4. Nf3 g6 5. d3 Bg7 6. Be2 e6 7. O-O Nge7 8. Be3
O-O 9. a3 a6 10. d4 cxd4 11. Nxd4 Nxd4 12. Bxd4 Nc6 13. Bxg7 Kxg7 14. Bd3 Qb6+
15. Kh1 Qxb2 16. Qd2 Qb6 17. Rab1 Qc7 18. Ne2 Bd7 19. Qc3+ Kg8 20. Qf6 Qd8 21.
Qa1 b5 22. Ng3 f5 23. e5 dxe5 24. fxe5 Qc7 25. Qc3 Qxe5 26. Rb3 Qxc3 27. Rxc3
Ne5 28. Be2 Rac8 29. Rxc8 Rxc8 30. Bd3 Nxd3 31. cxd3 Rc3 32. d4 Rxa3 33. Rc1 Bc6
34. Rxc6 Ra1+ 0-1

[Event "AUTO-OPEN-1855"]
[Site "http://www.queenalice.com/game.php?id=840300"]
[Date "2010.10.1"]
[Round "2"]
[White "faresjo"]
[Black "potter7"]
[Result "1-0"]
[WhiteElo "2004"]
[BlackElo "1716"]

1. e4 e5 2. Nf3 Nc6 3. Bb5 d6 4. O-O Bd7 5. c3 Nf6 6. Re1 Be7 7. d4 exd4 8. cxd4
a6 9. Ba4 O-O 10. Nc3 Bg4 11. Bxc6 bxc6 12. h3 Bd7 13. Bf4 d5 14. e5 Nh5 15. Be3
f5 16. Nh2 f4 17. Qxh5 Rf5 18. Qe2 Bg5 19. Bd2 Be6 20. Na4 Be7 21. Rac1 Qd7 22.
Nc5 Bxc5 23. Rxc5 Rb8 24. b3 Rb5 25. Rxb5 axb5 26. Qf3 g5 27. Ng4 Kh8 28. Nf6
Qf7 29. Rc1 Bd7 30. Qd3 h5 31. Rxc6 Bxc6 32. Qxf5 Kg7 33. Qxg5+ Qg6 34. Nxh5+
1-0